[Event "36th Cappelle Open 2020"]
[Site "Cappelle-la-Grande"]
[Date "2020.02.26"]
[Round "7.5"]
[White "Viani Antonio Dcunha"]
[Black "Stany, G.A."]
[Result "1/2-1/2"]
[WhiteElo "2403"]
[BlackElo "2522"]
[Annotator "TA"]
[PlyCount "108"]
[EventDate "2020.02.22"]
[EventType "swiss"]
[EventCountry "FRA"]
[SourceTitle "playchess.com"]
[Source "ChessBase"]
[SourceQuality "1"]

{[%evp 12,108,7,6,16,9,21,9,14,9,21,6,16,0,0,-1,10,-10,-24,-50,0,-15,8,-74,-50,-68,-58,-74,-66,-68,-62,-69,-63,-61,-66,-81,-52,-72,-10,-10,-10,-10,-14,-8,-8,-8,-7,-14,-15,-12,-18,-26,0,0,0,0,0,0,4,6,2,0,0,0,8,6,6,4,8,0,29,31,13,13,94,45,79,63,45,52,47,62,71,39,59,0,0,0,0,0,0,0,0,0,8,8,8,0,0]} 1. e4 e5 2. Nf3 Nc6 3. Bc4 Bc5 4. O-O Nf6 5. d3 O-O 6. Nbd2 {[%cal Bb1d2,Bd2f1,Bf1g3,Bg3f5][%mdl 32]} d6 7. c3 a5 {C54: Giuoco Piano: 4 c3 Nf6, main lines with 5 d4 and 5 d3.} 8. a4 Ba7 9. h3 Ne7 {[%cal Bc6e7,Be7g6,Bg6f4,Bf4h3,Bh3f2][%mdl 32]} 10. Re1 Ng6 11. Nf1 Be6 {[#]} 12. Ng3 $146 ({Predecessor:} 12. Bb3 Re8 13. Ng3 h6 14. d4 Bxb3 15. Qxb3 Qd7 16. Be3 Qc6 17. d5 Qd7 18. Bxa7 Rxa7 {½-½ (37) Kuba,G (2333)-Wiesinger,R (2262) Austria 2019}) 12... Bxc4 13. dxc4 Nf4 14. Nh2 Nd7 15. Qf3 Qf6 16. Nf5 h5 17. g3 (17. Bxf4 $11 exf4 18. Qxh5 (18. Qxf4 g6 $11)) 17... Nxh3+ $17 {[%mdl 64] Double Attack} 18. Kg2 $1 Nxf2 (18... Bxf2 19. Qxh5 Nf4+ 20. gxf4 $18) 19. Be3 Bxe3 20. Qxe3 g6 {Strongly threatening ...Nxe4.} 21. Rf1 gxf5 22. Rxf2 {[#]} f4 $1 23. gxf4 Qh6 24. Kh1 Kh8 {[#]} (24... exf4 $17 25. Rg1+ Kh8 26. Qxf4 Qxf4 27. Rxf4 f6) 25. Ng4 $1 $11 {[%cal Rg4h6][%mdl 512]} exf4 (25... hxg4+ 26. Rh2) 26. Qd4+ Qg7 {[#]} 27. Rh2 $1 {[%mdl 512]} Qxd4 $1 28. Rxh5+ Kg7 29. Rg5+ Kh7 30. cxd4 Rg8 31. Rh5+ Kg6 32. Rf5 {aiming for Rg1.} Rh8+ 33. Kg2 f6 34. Rf1 Rh5 (34... Rh4 {keeps more tension.} 35. R1xf4 Rah8 36. b3 b6 37. Kg3 Rh3+) 35. Rxh5 Kxh5 36. Rxf4 {[%mdl 4096] Endgame KRN-KRN} Kg6 37. Rf5 Ra6 38. Rb5 Rb6 39. Ne3 Rxb5 40. cxb5 {KN-KN} Kg5 {Hoping for ...Kf4.} 41. Kf3 Nb6 $1 42. b3 c6 (42... Nd7 $11) 43. bxc6 bxc6 44. Nf5 d5 45. Ne7 dxe4+ 46. Kxe4 Kg4 $1 47. Nxc6 f5+ 48. Ke5 (48. Kd3 $14 f4 49. b4 (49. Nxa5 f3 $11) 49... axb4 50. a5 (50. Nxb4 Nxa4 51. Nc6 Kf5 $11)) 48... f4 {...f3 is the strong threat.The position is equal.} 49. Ke4 Kg3 50. d5 ({Don't go for} 50. Nxa5 $2 f3 $19) 50... Nxd5 51. Nd4 ({Not} 51. Kxd5 $2 f3 $19) 51... Nc3+ 52. Kd3 f3 53. Nxf3 Nxa4 $1 54. bxa4 {Intending Nd4 and mate.} Kxf3 {Accuracy: White = 83%, Black = 82%.} 1/2-1/2

[Event "36th Cappelle Open 2020"]
[Site "Cappelle-la-Grande"]
[Date "2020.02.26"]
[Round "7.6"]
[White "Rathnakaran, K.."]
[Black "Demuth, Adrien"]
[Result "1-0"]
[WhiteElo "2334"]
[BlackElo "2500"]
[Annotator "TA"]
[PlyCount "119"]
[EventDate "2020.02.22"]
[EventType "swiss"]
[EventCountry "FRA"]
[SourceTitle "playchess.com"]
[Source "ChessBase"]
[SourceQuality "1"]

{[%evp 9,119,14,24,0,14,9,10,14,7,-8,0,0,0,0,41,0,0,-33,-35,-30,33,-69,0,-49,-43,-69,-15,-9,-15,-18,-17,-11,-23,-18,0,0,0,-57,116,105,111,119,117,64,57,56,56,70,69,35,104,101,115,90,94,85,128,135,130,114,179,176,202,202,200,184,215,206,226,226,237,237,235,262,318,297,304,269,290,270,266,224,368,368,489,532,525,525,610,593,949,935,1125,1056,1081,925,29972,29973,6837,6817,29975,29976,29976,29977,29977,29978,29977,29976,29970,6428,6079,5542]} 1. e4 c5 2. Nf3 Nc6 3. Bb5 e6 4. O-O Nge7 5. Re1 Nd4 6. Bf1 {B30: Sicilian: 2...Nc6 3 Bb5, lines without ...g6.} g6 7. c3 Nxf3+ 8. Qxf3 {The position is equal.} Bg7 9. d3 Nc6 {[#]} 10. Qg3 $146 ({Predecessor:} 10. Be3 b6 11. Nd2 O-O 12. Rad1 Bb7 13. Nb3 a5 14. a4 d5 15. d4 cxd4 16. Nxd4 Nxd4 17. Bxd4 dxe4 {½-½ (58) Bacallao Alonso,Y (2530)-Miton,K (2604) Havana 2015}) 10... O-O 11. h4 h5 12. Bg5 Qb6 13. Nd2 Qxb2 14. Rec1 Qa3 (14... d5 $11) 15. Be2 (15. Nc4 $14 Qa4 16. Nd6) 15... Kh7 (15... Bxc3 $2 16. Nc4 $18) (15... d5 $15) 16. Be3 d5 (16... Bxc3 $2 17. Nc4 $18) 17. Nf3 e5 (17... Kg8 $15) 18. exd5 Ne7 19. Nxe5 Nxd5 20. Nc4 Nxc3 21. Bf3 Qa4 22. Bxc5 Rd8 23. Bd6 (23. Re1 $11) 23... Bf5 $2 (23... Nxa2 $2 24. Be5 $18) (23... Bg4 $1 $15 {keeps the upper hand.} 24. Re1 Bxf3 25. Qxf3 {[%mdl 64] Double Attack} Rd7) 24. Be5 $1 $36 {[%mdl 2048] White has strong initiative.} Nd5 25. Bxg7 Kxg7 26. Nd6 (26. Qe5+ $16 f6 27. Qg3) 26... Qf4 $14 27. Qxf4 Nxf4 28. Nxf5+ gxf5 29. Rc7 Rab8 (29... Kg6 $14) 30. Re1 $16 {White leaves nothing to chance now.} (30. Bxb7 $2 Ne6 $19) 30... Rdc8 31. Ree7 ({Don't take} 31. Rxb7 Rxb7 32. Bxb7 Rc2 $11) 31... Rxc7 32. Rxc7 Nxd3 33. Bxh5 {[%mdl 4096] Endgame KRB-KRN} Ne5 34. f4 Ng6 (34... Rh8 $16 {is a better defense.}) 35. g3 $18 Rd8 36. Rxb7 Rd3 37. Rb3 $1 {[%cal Rb3d3]} ({Stronger than} 37. Rxa7 Rxg3+ 38. Kf2 Rh3 $11) 37... Rd7 38. a4 {[%cal Ba2a4,Ba4a5][%mdl 32]} Rd4 {[#]} 39. a5 $1 Ra4 40. Rb5 Ra3 41. Kf2 ({Less strong is} 41. Rxf5 Rxg3+ 42. Kh2 Rc3 $16) 41... Ra2+ 42. Be2 Kf6 43. Rc5 Nf8 44. Ke3 Ne6 45. Re5 Ke7 (45... Kg6 $142 46. Bc4 Ra3+ 47. Bd3 Ng7) 46. h5 Kf6 47. Bd3 Rg2 48. Kf3 Rd2 49. Bxf5 Nd4+ 50. Ke3 Rd1 51. g4 Kg7 52. g5 f6 53. h6+ Kf8 54. Rd5 {Threatening mate with Rd8+.} Nc2+ 55. Bxc2 Rxd5 56. g6 Rb5 57. Bd3 Rb4 58. Bf5 Rb3+ 59. Kf2 (59. Kd4 $142 Rg3 60. Ke4 Rg2 61. Kf3 Rg1 62. Kf2 Rc1 63. g7+ Kf7 {[#]} 64. Be6+ $1 {[%mdl 576] Decoy, Promotion} Kxe6 65. g8=Q+ Kd6 66. h7) 59... Rb2+ 60. Kf1 {Accuracy: White = 80%, Black = 46%.} 1-0

[Event "36th Cappelle Open 2020"]
[Site "Cappelle-la-Grande"]
[Date "2020.02.26"]
[Round "7.7"]
[White "Enchev, Ivajlo"]
[Black "Mohammad Nubairshah Shaikh"]
[Result "0-1"]
[WhiteElo "2496"]
[BlackElo "2415"]
[Annotator "TA"]
[PlyCount "64"]
[EventDate "2020.02.22"]
[EventType "swiss"]
[EventCountry "FRA"]
[SourceTitle "playchess.com"]
[Source "ChessBase"]
[SourceQuality "1"]

{[%evp 9,64,-14,-27,-20,11,-44,-37,-28,-31,-181,-188,-181,-175,-202,-202,-236,-223,-233,-216,-210,-179,-175,-135,-216,-16,-20,-17,-133,0,-175,-164,-198,-201,-271,-270,-342,-343,-349,-331,-370,-345,-401,-401,-508,-502,-493,-504,-791,-775,-29980,-1102,-29967,-29965,-5749,-5594,-29997,-29998]} 1. d4 d5 2. c4 c6 3. Nc3 dxc4 4. Nf3 Nf6 5. e4 b5 $1 6. Be2 {D15: Slav Defence: 4 Nc3 a6 and gambit lines after 4 Nc3 dxc4.} b4 7. e5 (7. Na4 $11) 7... bxc3 $15 8. exf6 {Black is slightly better.} cxb2 9. fxg7 (9. Bxb2 $15 gxf6 10. O-O (10. Bxc4 Qa5+ 11. Qd2 Qxd2+ 12. Nxd2 Rg8 $11)) 9... bxa1=Q $19 10. gxh8=Q Qa5+ $1 {[%mdl 64] [#] Double Attack} 11. Nd2 $146 ({Predecessor:} 11. Kf1 Q5xa2 12. Ng5 Bf5 13. g4 Bg6 14. Bf3 Qb3 15. Qd2 h6 16. Ne6 fxe6 17. Qf4 {1-0 (41) De Abreu,R (2126)-Bhawoodien,M (2129) Cape Town 2019}) 11... c3 12. O-O cxd2 13. Bxd2 Qxd1 14. Rxd1 Qf5 ({But not} 14... Qxa2 15. d5 $17) 15. d5 {Strongly threatening Bh6.} Qg6 $1 16. Bf3 (16. Qd4 $17) 16... cxd5 $2 (16... Bg4 $19 {White must now prevent ...Bxf3.} 17. Bxg4 Qxg4) 17. Bxd5 $11 Nc6 {[#] ...Bd7 is the strong threat.} 18. Be4 {[#]} (18. Bh6 $1 $11 {[%mdl 512]} Qxh6 19. Qxh7 $3 {[%mdl 512]}) 18... Qe6 ({Inferior is} 18... Qxe4 19. Bh6 $14) ({Black should try} 18... Qd6 $1 $17 {aiming for ...Ba6.} 19. Bf3 Bd7) 19. Qxh7 $2 (19. Bc3 $1 $11 Bd7 20. Bxc6 Qxc6 21. Bg7) 19... Bd7 $19 20. h3 Rc8 ({Worse is} 20... Qxa2 21. Bh6 $11) 21. Re1 Qxa2 22. Bc3 Nd8 23. Qh8 Qc4 24. Re3 Rc5 25. h4 Ne6 26. h5 Bb5 27. Bd3 Qg4 28. Bxb5+ (28. Be4 $142) 28... Rxb5 29. h6 Rg5 (29... Nf4 $142 30. g3 {[#]} Rh5 $1 {[%mdl 512]} 31. Rxe7+ {[%mdl 64] Remove Defender, Decoy} Kxe7 32. Qf6+ Kd7 33. Qxf7+ Be7 34. Qxh5 Ne2+ 35. Kg2 Qxh5 36. Bh8 Qd5+ 37. f3 Bc5 38. Ba1 Ng1 39. Bd4 Bxd4 40. h7 Qxf3+ 41. Kh2 Qh5+ {[%mdl 64] Double Attack} 42. Kg2 Qh3#) 30. g3 {[#]} Rh5 $1 31. Qh7 Qd1+ 32. Re1 Qf3 {Accuracy: White = 27%, Black = 73%.} 0-1

[Event "36th Cappelle Open 2020"]
[Site "Cappelle-la-Grande"]
[Date "2020.02.26"]
[Round "7.8"]
[White "Guilleux, Fabien"]
[Black "Wiedenkeller, Michael"]
[Result "1/2-1/2"]
[WhiteElo "2441"]
[BlackElo "2455"]
[Annotator "TA"]
[PlyCount "122"]
[EventDate "2020.02.22"]
[EventType "swiss"]
[EventCountry "FRA"]
[SourceTitle "playchess.com"]
[Source "ChessBase"]
[SourceQuality "1"]

{[%evp 14,122,30,21,31,18,22,18,25,19,42,47,68,35,40,31,35,37,40,20,35,42,33,47,44,18,75,46,29,10,79,43,34,32,27,22,15,18,38,11,17,21,49,28,57,0,0,7,0,0,12,0,108,108,108,105,110,101,118,118,133,58,86,97,91,100,129,85,87,78,68,23,86,45,45,45,45,45,45,45,49,11,57,59,65,64,69,69,72,39,107,72,71,39,39,41,39,40,50,50,58,57,134,0,0,0,0,0,0,0,0]} 1. c4 Nf6 2. Nc3 e6 3. Nf3 d5 4. d4 Bb4 5. Bg5 h6 6. Bxf6 Qxf6 7. Qa4+ Nc6 8. e3 O-O {D38: Queen's Gambit Declined: Ragozin Defence (4 Nf3 Bb4).} 9. Be2 dxc4 10. O-O Bd7 11. Bxc4 Qe7 12. Qc2 {[#]} Na5 $146 ({Predecessor:} 12... Bd6 13. Rad1 a6 14. h3 Rfd8 15. e4 b5 16. Be2 b4 17. e5 bxc3 18. exd6 cxd6 19. bxc3 {½-½ (37) Lalith,B (2571)-Xiu,D (2550) Tabriz 2014}) 13. Bd3 c5 14. a3 Bxc3 $1 15. Qxc3 b6 16. dxc5 Qxc5 17. Qxc5 bxc5 18. Ne5 Ba4 19. Rac1 Nb3 (19... Rac8 $11) 20. Rc3 (20. Rc4 $5 {[%cal Rc4a4]} Bb5 21. Rc3 {[%mdl 64] Discovered Attack} Bxd3 22. Rxd3 $14) 20... Nd2 $1 {[%cal Rd2f1]} 21. Re1 Rfb8 (21... Rfd8 $11) 22. Rxc5 Rxb2 23. Rec1 Rd8 24. Rc8 Rb8 25. Rxb8 Rxb8 26. Rc7 Bb5 27. Bc2 Be8 28. h4 ({Avoid the trap} 28. Rxa7 $2 Rc8 $19) 28... a6 29. Ra7 Rc8 $1 {[%cal Rc8c2]} 30. Bd3 f6 31. Ng6 {[#] Black must now prevent Ne7+.} Rc3 $1 {[%cal Rc3d3]} 32. Nf4 f5 (32... g5 $1 $11 33. Bh7+ Kh8 34. hxg5 (34. Nxe6 g4 $11) 34... fxg5 35. Nxe6 g4) 33. Bxa6 $16 Rxa3 34. Nxe6 Bf7 35. Nd4 g6 36. h5 gxh5 37. f3 (37. Nxf5 $16 Be6 38. Nd4 (38. Nxh6+ Kf8 $11)) 37... Rxe3 38. Nxf5 Re6 39. Bd3 Kf8 40. Ra8+ Re8 41. Rxe8+ Bxe8 42. Nxh6 {[%mdl 4096] Endgame KBN-KBN} Bd7 (42... Bc6 $11 {remains equal.}) 43. f4 Nb3 44. Kf2 Nc5 45. Bb1 Kg7 46. Nf5+ Kf6 47. Ne3 Bc6 48. Kg3 Ne6 49. Ba2 {Threatens to win with Bxe6.} Nd4 50. Kh4 Be8 51. Bd5 Bg6 (51... Ne2 $14) 52. Bb7 Bf7 53. Bc8 Ne2 54. g3 Nd4 55. Bb7 Be8 56. Be4 {Nd5+ is the strong threat.} Bf7 57. Nc2 Ne2 {[#]} (57... Nf5+ $14 58. Kh3 Nd6) 58. Bf3 ({White should play} 58. Bd3 $1 $16 {[%cal Rd3e2]} Nc3 59. Ne3) 58... Nxf4 $1 $11 {The position is equal.} 59. gxf4 Kf5 60. Bxh5 Bxh5 61. Kxh5 Kxf4 {Accuracy: White = 66%, Black = 74%.} 1/2-1/2

[Event "36th Cappelle Open 2020"]
[Site "Cappelle-la-Grande"]
[Date "2020.02.26"]
[Round "7.9"]
[White "Terletsky, Oleg"]
[Black "Godart, Francois"]
[Result "0-1"]
[WhiteElo "2314"]
[BlackElo "2445"]
[Annotator "TA"]
[PlyCount "60"]
[EventDate "2020.02.22"]
[EventType "swiss"]
[EventCountry "FRA"]
[SourceTitle "playchess.com"]
[Source "ChessBase"]
[SourceQuality "1"]

{[%evp 9,60,36,27,8,29,20,23,22,27,21,39,35,56,39,37,17,46,29,32,25,25,25,32,24,28,12,33,50,35,47,204,179,464,455,1514,92,239,105,120,-83,-78,-93,-97,-79,-89,-225,-216,-634,-647,-639,-638,-1026,-869]} 1. e4 e6 2. d4 d5 3. Nd2 h6 4. Ngf3 Nf6 5. e5 Nfd7 6. Be2 {C03: French Tarrasch: Unusual Black 3rd moves.} c5 7. c3 Nc6 8. O-O {White has an edge.} Qb6 {[%cal Rc5d4]} 9. Nb3 {[#]} a5 $146 ({Predecessor:} 9... Be7 10. Qc2 Nf8 11. Be3 c4 12. Nbd2 Qc7 13. h3 Bd7 14. Rfe1 f6 15. exf6 gxf6 16. Nf1 {0-1 (56) Zakarian,D (1446)-Ovsiannikova,T Krasnodar 2014}) 10. a4 Be7 11. Be3 O-O 12. Rc1 Rd8 13. Re1 cxd4 14. cxd4 Nf8 15. Nc5 Bd7 16. Qd2 Be8 17. Bd3 Rac8 18. Bb1 Rc7 19. Rc3 Rdc8 $2 ({Better is} 19... Bxc5 $14 20. Rxc5 Rdc8) 20. Bxh6 $1 $18 Nxd4 $2 (20... gxh6 21. Qxh6 Qxb2 22. Rb3 $18) (20... g6) 21. Nxd4 {Hoping for Bxg7!} Rxc5 {[#]} (21... g6 $142 22. Ncb3 Rxc3 23. bxc3 Bxa4) 22. Rg3 $2 (22. Bxg7 $1 $18 {[%mdl 512] White threatens Qh6! and mate.} Kxg7 23. Rh3 (23. Rg3+ Ng6 $16)) 22... Ng6 {[#]} (22... g6 $16 {is a better defense.}) 23. Bxg6 (23. Rb3 $1 $18 {[%cal Rb3b6] has better winning chances.} Qa6 {[#]} 24. Bxg7 $1 {[%mdl 512]} Kxg7 25. Rh3 (25. Bxg6 $2 fxg6 26. Rh3 g5 $19)) 23... fxg6 $16 24. Bg5 $2 (24. Rb3 $16 {is necessary to keep the advantage.} Qa6 25. Rh3) 24... Bxg5 $17 25. Rxg5 Rc4 {[%mdl 64] Double Attack} 26. Rg4 Bxa4 27. b3 (27. h3 $17 {keeps fighting.}) 27... Bxb3 $19 28. Qd3 $2 (28. Qe3) 28... Bc2 {Black is clearly winning.} 29. Qe3 Be4 30. Rd1 {[#]} Rxd4 $1 {[%mdl 64] Back Rank. Accuracy: White = 54%, Black = 60%.} 0-1

[Event "36th Cappelle Open 2020"]
[Site "Cappelle-la-Grande"]
[Date "2020.02.26"]
[Round "7.10"]
[White "Sadikhov, Ulvi"]
[Black "Mathieu, Phileas"]
[Result "1-0"]
[WhiteElo "2496"]
[BlackElo "2172"]
[Annotator "TA"]
[PlyCount "37"]
[EventDate "2020.02.22"]
[EventType "swiss"]
[EventCountry "FRA"]
[SourceTitle "playchess.com"]
[Source "ChessBase"]
[SourceQuality "1"]

{[%evp 9,37,19,28,-3,0,0,-7,-7,-5,-12,-26,-30,-34,-52,-25,-36,4,-38,16,25,52,16,115,110,94,97,108,103,108,101]} 1. e4 c5 2. Nf3 Nc6 3. Bb5 e6 4. Bxc6 bxc6 5. b3 f6 6. Bb2 {B30: Sicilian: 2...Nc6 3 Bb5, lines without ...g6.} Nh6 {[#]} 7. Nc3 $146 ({Predecessor:} 7. e5 d6 8. exd6 Bxd6 9. d3 O-O 10. Nbd2 e5 11. Ne4 Be7 12. Ng3 c4 13. bxc4 Bb4+ {0-1 (81) Nevednichy,V (2590)-Moiseenko,A (2709) Warsaw 2013}) 7... Be7 8. h3 {The position is equal.} O-O 9. d3 e5 10. Ne2 d6 11. g4 Be6 12. Nd2 g6 13. Rg1 Kh8 ({Better is} 13... Rb8 $15) 14. f4 $11 Nf7 15. Nf3 (15. f5 $5 {[%cal Rf5e6]}) 15... g5 (15... d5 $11 {keeps the balance.}) 16. f5 $16 {White is better.} Bd7 17. h4 Rg8 18. hxg5 Nxg5 19. Nxg5 {Accuracy: White = 73%, Black = 50%.} 1-0

[Event "36th Cappelle Open 2020"]
[Site "Cappelle-la-Grande"]
[Date "2020.02.26"]
[Round "7.11"]
[White "Nikolov, Momchil"]
[Black "Ermeni, Avni"]
[Result "1-0"]
[WhiteElo "2539"]
[BlackElo "2171"]
[Annotator "TA"]
[PlyCount "71"]
[EventDate "2020.02.22"]
[EventType "swiss"]
[EventCountry "FRA"]
[SourceTitle "playchess.com"]
[Source "ChessBase"]
[SourceQuality "1"]

{[%evp 19,71,73,69,63,87,53,50,45,52,30,41,48,92,99,102,95,97,83,102,69,109,111,118,109,124,87,131,135,132,132,139,152,175,159,171,175,167,140,230,145,238,233,215,219,305,291,768,768,757,743,1020,1010,980,943]} 1. d4 Nf6 2. c4 c5 3. d5 b5 4. cxb5 a6 5. bxa6 g6 6. Nc3 d6 7. Nf3 Bg7 8. e4 O-O 9. Be2 Bxa6 10. O-O Nbd7 11. a4 {A58: Benko/Volga Gambit: Lines with 5 bxa6.} Qb6 12. Bxa6 Qxa6 13. Qc2 {White is slightly better.} Rfb8 14. Bd2 Qb7 15. Nb5 {[#]} Ne8 $146 ({Predecessor:} 15... Nb6 16. b3 c4 17. Rab1 cxb3 18. Rxb3 Rc8 19. Qb1 Rxa4 20. Nbd4 Nfd7 {½-½ (50) Parmet,D (2373)-Krueger,M (2257) ICCF email 2017}) 16. Bc3 Nc7 17. Nxc7 Qxc7 18. Bxg7 Kxg7 19. Nd4 Rb7 20. Nb5 $36 {[%mdl 2048] White has strong initiative.} Qa5 {Threatens to win with ...Rxb5.} 21. b3 Nf6 {[%cal Bd7f6,Bf6e8,Be8c7][%mdl 32]} 22. Rac1 Qb6 23. h3 Kg8 24. Rfe1 Ne8 25. Re3 Nc7 {[#]} 26. Na3 $1 Rab8 27. Qd1 Qa6 28. Nc4 Rb4 (28... Na8 $16 {keeps fighting.} 29. Na3 Nb6) 29. Rcc3 Qa8 (29... Na8 $16 30. Na3 Rd4) 30. Rcd3 $18 Rd8 31. e5 {Black must now prevent exd6.} dxe5 32. Rxe5 Rd7 $2 {[#]} (32... Rbb8 33. d6 exd6 34. Nxd6 (34. Rxd6 Ne6 $18) 34... Rd7) 33. Rxe7 $3 {[%mdl 576] Remove Defender, Deflection, Decoy. White is clearly winning.} Rxe7 34. d6 $1 {[%csl LRc7,LRe7][%mdl 64] Double Attack} Qd8 35. dxe7 Qxe7 36. Rd7 {Accuracy: White = 77%, Black = 46%.} 1-0

[Event "36th Cappelle Open 2020"]
[Site "Cappelle-la-Grande"]
[Date "2020.02.26"]
[Round "7.12"]
[White "Nguyen-Cadoret, Nathan"]
[Black "Dimitrov, Radoslav"]
[Result "0-1"]
[WhiteElo "2193"]
[BlackElo "2519"]
[Annotator "TA"]
[PlyCount "145"]
[EventDate "2020.02.22"]
[EventType "swiss"]
[EventCountry "FRA"]
[SourceTitle "playchess.com"]
[Source "ChessBase"]
[SourceQuality "1"]

{[%evp 16,145,37,1,3,0,13,-16,-16,-6,-7,-34,-37,-13,-18,-57,-66,-56,-36,-46,-51,-43,-34,-115,-37,-35,-43,-35,-22,-28,-30,-20,0,-37,0,-5,0,0,0,-4,0,-14,-6,-87,-87,-98,-95,-115,-110,-89,-89,-112,-112,-126,-113,-163,-132,-129,-118,-118,-118,-126,-118,-133,-135,-133,-136,-156,-146,-135,-105,-106,-66,-66,-66,-66,-66,-141,-66,-66,-66,-66,-66,-75,-75,-70,-66,-81,-71,-79,-69,-83,-70,-83,-71,-94,-71,-71,-64,-164,-159,-155,-156,-156,-154,-153,-157,-142,-141,-137,-134,-153,-141,-740,-739,-12804,-29938,-1921,-288,-1012,-258,-248,-228,-270,-260,-237,-237,-287,-283,-287,-277,-5073]} 1. d4 Nc6 2. d5 Nb8 3. e4 d6 4. Nf3 Nf6 5. Nc3 g6 6. Be2 Bg7 7. O-O O-O 8. h3 c6 9. Be3 {9.a4 is a critical line.} b5 {B08: Pirc Defence: Classical System.} 10. a3 a6 11. Qd2 {[#]} cxd5 $146 {The position is equal.} ({Predecessor:} 11... Bb7 12. Rfe1 Nbd7 13. dxc6 Bxc6 14. Bd3 Bb7 15. Bh6 Rc8 16. Rad1 Qb6 17. Bxg7 Kxg7 18. Re3 Ne5 19. Nxe5 dxe5 20. Re2 Rfd8 21. Qe3 Qd4 22. Rde1 Nh5 {½-½ (22) Hjartarson,J (2570)-Olafsson,F (2465) Reykjavik 1995}) 12. exd5 Bb7 13. Rfe1 Nbd7 14. Nh2 Nb6 {[%cal Rf6d5]} 15. Bxb6 Qxb6 16. Bf3 Rfe8 17. Ng4 Nxg4 18. hxg4 Rac8 19. Rab1 (19. Nd1 $15) 19... Qd4 (19... Qa5 $1 $17 20. g5 Bxc3 21. bxc3 Qxa3) 20. Qxd4 $15 Bxd4 21. Ne2 Be5 22. c3 Rc4 23. Rbd1 Bf6 24. Nd4 Kf8 (24... Bxd4 $5 25. Rxd4 Rxd4 26. cxd4 Kf8 $11) 25. Nc2 Bc8 26. Ne3 Rc5 27. Kf1 Bd7 28. Rd2 a5 29. Red1 {[#]} (29. Nc2 $11 {remains equal.}) 29... b4 $1 $17 {[%mdl 512]} 30. axb4 axb4 31. cxb4 Rb5 32. Nc2 Rb6 33. Nd4 Rxb4 34. b3 Rc8 35. Be2 h6 36. f3 Bxd4 37. Rxd4 Rxb3 38. R4d3 Rxd3 39. Bxd3 {[%mdl 4096] Endgame KRB-KRB} Rc5 40. Be4 f5 41. gxf5 gxf5 42. Bb1 Ba4 43. Rd4 Bb3 {White must now prevent ...Rc1+.} 44. Bxf5 Bxd5 45. Bd3 Bf7 46. Kf2 (46. Rh4 $15) 46... h5 (46... Rd5 $17 47. Rxd5 Bxd5) 47. g3 $15 Kg7 48. Rb4 Rc3 49. Rd4 Ra3 50. Be2 Ra2 51. Ke3 Rb2 52. Rd2 Rb6 53. Rd3 Bg6 54. Ra3 Rb4 55. Bd3 Bf7 56. f4 Kf6 57. Ra6 (57. Ra5 $15) 57... Rb3 $19 58. Ke2 Rb2+ $1 59. Kf1 Rd2 60. Bb5 {[#]} h4 $1 {[%mdl 512]} 61. gxh4 Rd4 62. Kf2 Rxf4+ 63. Kg3 Rb4 64. Be2 $2 {[%mdl 8192] Loses the game.} (64. Bc6 $17) 64... Rb3+ 65. Kg4 Be6+ 66. Kf4 Rh3 $2 (66... Bf5 {[%csl Gd6,Gf6][%cal Re7e5]} 67. Bf3 e5+ 68. Kg3 e4 {[%mdl 64] Pin} 69. Rxd6+ Ke5 $1 {[%mdl 512]}) 67. h5 $2 (67. Ra8) 67... Bf7 $2 (67... Bf5 {[%csl Gd6,Gf6][%cal Re7e5]} 68. Bf3 e5+ 69. Ke3 e4 {[%mdl 64] Pin} 70. Rxd6+ Kg5) 68. Bg4 Rb3 69. h6 Bg6 {[%csl Gd6,Gf6][%cal Re7e5]} 70. Bd7 {[#]} Rb4+ $1 71. Ke3 Rh4 72. Ra4 Rxh6 73. Kd4 $2 {Accuracy: White = 63%, Black = 82%.} (73. Bc6) 0-1